| 000 | 01289nam0a22003011 4500 | ||
|---|---|---|---|
| 001 | rc\4080160 | ||
| 005 | 20210908180035.0 | ||
| 021 |
_aRU _b[52-29847] |
||
| 035 | _a(NLR Aleph) 008125436 | ||
| 090 |
_a9390167 _c9390167 |
||
| 100 | _a20130415d1952 |||y0rusy50 ca | ||
| 101 | 0 | _arus | |
| 102 | _aRU | ||
| 105 | _aa z ||||| | ||
| 200 | 1 |
_aК.П. Брюллов в письмах, документах и воспоминаниях современников _fСост. и авт. предисл. проф. Н.Г. Машковцев _gАкад. художеств СССР |
|
| 210 |
_aМосква _cИзд-во Акад. художеств СССР _d1952 |
||
| 215 |
_a284 с., 29 л. ил. _d23 |
||
| 300 | _aНа переплете сост. не указан | ||
| 606 |
_aРусская живопись _z19 в. _jДокументы и материалы _2psbo |
||
| 700 | 1 |
_aМашковцев _bН. Г. _f1883-1962 _gНиколай Георгиевич _4220 |
|
| 702 | 1 |
_aБрюллов _bК. П. _cхудожник _f1799-1852 _gКарл Павлович _3RU\NLR\AUTH\7788672 _4570 |
|
| 702 | 1 |
_aМашковцев _bН. Г. _4220 _4080 |
|
| 801 | 0 |
_aRU _bNLR _gpsbo |
|
| 801 | 1 |
_aRU _bELAR _2rusmarc |
|
| 852 |
_aNLR _jИс30 Г-5/68 |
||
| 942 | _cBOOK | ||
| 980 | _aNB | ||